Loading...
| Fine Arts - Classical Music | 8 | 10.00 | 75% | 25% | 0% |
| Fine Arts - Other Fine Arts | 4 | 17.50 | 100% | 50% | 25% |
| Fine Arts - Visual Fine Arts | 5 | 14.00 | 100% | 40% | 0% |
| Geography/Current Events | 2 | 10.00 | 100% | 0% | 0% |
| History - American History | 6 | 10.00 | 83% | 17% | 0% |
| History - European History | 5 | 12.00 | 100% | 20% | 0% |
| History - Other History | 7 | 14.29 | 86% | 57% | 0% |
| History - World History | 4 | 10.00 | 75% | 25% | 0% |
| Literature - American Literature | 4 | 7.50 | 75% | 0% | 0% |
| Literature - British Literature | 5 | 10.00 | 80% | 0% | 20% |
| Literature - European Literature | 7 | 11.43 | 86% | 29% | 0% |
| Literature - World/Other Literature | 6 | 20.00 | 100% | 83% | 17% |
| Mythology | 7 | 22.86 | 100% | 86% | 43% |
| Other Academic | 2 | 15.00 | 100% | 50% | 0% |
| Philosophy | 5 | 12.00 | 60% | 40% | 20% |
| Religion | 4 | 12.50 | 50% | 50% | 25% |
| Science - Biology | 3 | 6.67 | 67% | 0% | 0% |
| Science - Chemistry | 5 | 10.00 | 100% | 0% | 0% |
| Science - Other Science | 6 | 18.33 | 100% | 67% | 17% |
| Science - Physics | 7 | 11.43 | 100% | 14% | 0% |
| Social Science | 6 | 15.00 | 100% | 33% | 17% |